Thor: Love and Thunder Quiz (SPOILERS) - Statistics

General Stats
  • This quiz has been taken 139 times
    25 since last reset
  • The average score is 15 of 25
Answer Stats
Actor Role % Correct
Natalie Portman Jane Foster/The Mighty Thor
100%
Chris Hemsworth Thor
100%
Dave Bautista Drax the Destroyer
86%
Vin Diesel Groot
86%
Tessa Thompson King Valkyrie
86%
Karen Gillan Nebula
86%
Chris Pratt Peter Quill/Star Lord
86%
Bradley Cooper Rocket the Raccoon
86%
Christian Bale Gorr the God-Butcher
82%
Idris Elba Heimdall
82%
Russell Crowe Zeus
82%
Taika Waititi Korg
77%
Pom Klementieff Mantis
73%
Brett Goldstein Hercules
59%
Sean Gunn Kraglin
50%
Kat Dennings Darcy Lewis
45%
Jaimie Alexander Lady Sif
41%
India Rose Hemsworth Love (Gorr’s Daughter)
41%
Kieron L. Dyer Axl
36%
Stellan Skarsgård Dr. Erik Selvig
36%
Carly Rees Miek
32%
Melissa McCarthy Actor Hela
18%
Matt Damon Actor Loki
18%
Sam Neill Actor Odin
18%
Luke Hemsworth Actor Thor
14%
No matching quizzes found
Score Distribution
Percent of People with Each Score
Percentile by Number Answered
Your Score History
You have not taken this quiz since the last reset